000 03781cam a22006374i 4500
003 PE-LiUPU
005 20250731173018.0
008 150623s1994 ag r 000 0 spa d
020 _a9505734441
020 _a9789505734443
035 _a(Sirsi) i9789505734443
040 _aPE-LiUPU
_bspa
_cPE-LiUPU
_erda
049 _aPRUA
082 0 4 _a232
_bD97C
_221
082 0 4 _a232.8
_bD96
_221
100 1 _aDupertuis, Atilio René,
_eautor.
245 1 3 _aEl carpintero divino :
_bla persona y la obra de Cristo /
_cAtilio René Dupertuis.
264 1 _aBuenos Aires :
_bAsociación Casa Editora Sudamericana,
_c1994.
300 _a200 páginas ;
_c21 centímetros
336 _atext
_2rdacontent
337 _aunmediated
_2rdamedia
338 _avolume
_2rdacarrier
505 0 _aLa persona de Cristo -- La gran pregunta -- Discusiones Cristológicas -- Jesús: El Dios-Hombre -- La Encarnación -- "Semejante a sus hermanos" -- "Tentado en todo" -- Cristología en la Iglesia Adventista -- La obra de Cristo -- Teorías de la expiación -- El significado de la cruz -- Justificación por la fe -- Cristo: El objeto de la fe -- La regeneración -- La perfección cristiana -- La fe y las obras.
526 _aSEG42
526 _aSEG41
526 _aSEG40
526 _aSEG39
526 _aP94
526 _aP87
526 _aP86
526 _aP85
526 _aP77
526 _aP76
526 _aP35
600 1 _aJesucristo.
910 _ajck
_bncf
_cncf
_d20161011
942 _2ddc
_cBOOK
949 _a232 D97C
_wDEWEY
_c1
_i56882
_d2016-6-13
_e2016-6-8
_lCCODEBUL1
_mBUL
_n4
_p8.00
_r0
_sY
_tBOOK
_u2015-6-24
_xTEOLOGIA
_PP35
_0COMPRA
_o.STAFF. Colección Teología
949 _a232 D97C
_wDEWEY
_c2
_i47349
_d2015-9-30
_e2015-9-28
_lCCODEBUL1
_mBUL
_n2
_p7.27
_r0
_sY
_tBOOK
_u2015-6-24
_xTEOLOGIA
_PP35
_0COMPRA
_o.STAFF. Colección Teología
949 _a232 D97C
_wDEWEY
_c3
_i47350
_d2016-10-24
_e2016-10-21
_lCCODEBUL1
_mBUL
_n2
_p7.27
_r0
_sY
_tBOOK
_u2015-6-24
_xTEOLOGIA
_PP35
_0COMPRA
_o.STAFF. Colección Teología
949 _a232 D97C
_wDEWEY
_c4
_i56881
_d2015-9-30
_e2015-9-30
_lCCODEBUL1
_mBUL
_n1
_p8.00
_r0
_sY
_tBOOK
_u2015-6-24
_xTEOLOGIA
_PP35
_0COMPRA
_o.STAFF. Colección Teología
949 _a232 D97C
_wDEWEY
_c5
_i75116
_lEEX
_mBUL
_p8.00
_r0
_sY
_tBOOK
_u2016-10-11
_xTEOLOGIA
_PP35
_0DONACION
_o.STAFF. Colección Teología
994 _aC0
_bPEPRU
596 _a1 4
999 _a232 D96 1991
_wDEWEY
_c23902
_i56882
_d23902
_e2016-6-8
_f2019-12-10
_g4
_lDISCARD
_mBUL
_n4
_p8.00
_r1
_sY
_tBOOK
_u2015-6-24
_xTEOLOGIA
_PP35
_0COMPRA
_o.STAFF. Colección Teología
999 _a232 D96 1991
_wDEWEY
_c2
_i47349
_d2019-1-23
_e2019-1-21
_f2021-11-11
_g5
_lCCODEBUL1
_mBUL
_n5
_p7.27
_r0
_sY
_tBOOK
_u2015-6-24
_xTEOLOGIA
_PP35
_0COMPRA
_o.STAFF. Colección Teología
999 _a232 D96 1991
_wDEWEY
_c3
_i47350
_d2019-7-4
_e2016-10-21
_f2021-11-11
_g6
_lCCODEBUL1
_mBUL
_n2
_p7.27
_q2
_r0
_sY
_tBOOK
_u2015-6-24
_xTEOLOGIA
_PP35
_0COMPRA
_o.STAFF. Colección Teología
999 _a232 D96 1991
_wDEWEY
_c4
_i56881
_d2019-6-30
_e2018-9-23
_f2019-12-10
_g4
_lDISCARD
_mBUL
_n3
_p8.00
_q1
_r1
_sY
_tBOOK
_u2015-6-24
_xTEOLOGIA
_PP35
_0COMPRA
_o.STAFF. Colección Teología
999 _a232 D96 1991
_wDEWEY
_c5
_i75116
_d2019-4-11
_e2019-4-8
_f2021-11-11
_g5
_lCCODEBUL1
_mBUL
_n5
_p8.00
_q6
_r0
_sY
_tBOOK
_u2016-10-11
_xTEOLOGIA
_PP35
_0COMPRA
_o.STAFF. Colección Teología
999 _a232.8 D96 1991
_wLC
_c1
_iCW23990
_f2021-12-22
_g2
_lCCODECWL1
_mBWL
_p15.00
_r1
_sY
_tBOOK
_u2016-7-18
_xWHITE
_zUNKNOWN
_0COMPRA
_o.STAFF. Centro White
980 _81
_gALBERTO SANCHEZ Responsable de Automatización